Soldiers and soldiering or Epithets of war / (Record no. 185158)
[ view plain ]
| 000 -LEADER | |
|---|---|
| fixed length control field | 00686 a2200169 4500 |
| 003 - CONTROL NUMBER IDENTIFIER | |
| control field | Nust |
| 005 - DATE AND TIME OF LATEST TRANSACTION | |
| control field | 20230313121945.0 |
| 040 ## - CATALOGING SOURCE | |
| Transcribing agency | Nust |
| 082 ## - DEWEY DECIMAL CLASSIFICATION NUMBER | |
| Classification number | 355.0092,WAL |
| 100 ## - MAIN ENTRY--PERSONAL NAME | |
| Personal name | Wavell, Earl |
| 9 (RLIN) | 110177 |
| 245 ## - TITLE STATEMENT | |
| Title | Soldiers and soldiering or Epithets of war / |
| Statement of responsibility, etc. | Earl, Wavell |
| 260 ## - PUBLICATION, DISTRIBUTION, ETC. | |
| Place of publication, distribution, etc. | London |
| Name of publisher, distributor, etc. | Cape |
| Date of publication, distribution, etc. | 1953 |
| 300 ## - PHYSICAL DESCRIPTION | |
| Extent | 174 p. |
| 505 ## - FORMATTED CONTENTS NOTE | |
| Formatted contents note | Generals and Generalship (Page-13), Military Genius (Page-45), Belisarius (Page-57), Rommel (Page-74), Field Marshal (Page-84), Allied Cooperation (Page-84), Allied Cooperation (Page-84), The Good Soldiers (Page-112), The Good Soldier (Page-112), A Note Command (Page-127). |
| 650 ## - SUBJECT ADDED ENTRY--TOPICAL TERM | |
| Topical term or geographic name entry element | Military art and science. |
| 9 (RLIN) | 37914 |
| 942 ## - ADDED ENTRY ELEMENTS (KOHA) | |
| Source of classification or shelving scheme | |
| Koha item type | Book |
| Withdrawn status | Lost status | Source of classification or shelving scheme | Damaged status | Not for loan | Permanent Location | Current Location | Shelving location | Date acquired | Total Checkouts | Full call number | Barcode | Date last seen | Date last checked out | Price effective from | Koha item type | Public note | Collection code |
|---|---|---|---|---|---|---|---|---|---|---|---|---|---|---|---|---|---|
| Military College of Signals (MCS) | Military College of Signals (MCS) | General Stacks | 12/12/2016 | 1 | 355.0092,WAV | MCS2037 | 10/24/2022 | 10/03/2022 | 12/12/2016 | Book | Almirah No.51, Shelf No.3 | ||||||
| Military College of Signals (MCS) | Military College of Signals (MCS) | General Stacks | 12/12/2016 | 355.0092,WAV | MCS21636 | 12/08/2016 | 12/12/2016 | Book | Almirah No.73, Shelf No.7 | ||||||||
| Military College of Signals (MCS) | Military College of Signals (MCS) | General Stacks | 12/12/2016 | 355.0092,WAV | MCS21740 | 12/08/2016 | 12/12/2016 | Book | Almirah No.73, Shelf No.7 | ||||||||
| Military College of Signals (MCS) | Military College of Signals (MCS) | 12/12/2016 | 1 | 355.0092 WAV | MCS36773 | 12/26/2024 | 10/21/2024 | 12/12/2016 | Book |
